MARC details
| 000 -LEADER |
| fixed length control field |
03536cam a2200685 i 4500 |
| 001 - CONTROL NUMBER |
| control field |
sjds1242460 |
| 003 - CONTROL NUMBER IDENTIFIER |
| control field |
sjds |
| 005 - DATE AND TIME OF LATEST TRANSACTION |
| control field |
20240319195700.0 |
| 008 - FIXED-LENGTH DATA ELEMENTS--GENERAL INFORMATION |
| fixed length control field |
160706s2016 txua c 000 1 eng |
| 010 ## - LIBRARY OF CONGRESS CONTROL NUMBER |
| LC control number |
2016014774 |
| 020 ## - INTERNATIONAL STANDARD BOOK NUMBER |
| International Standard Book Number |
9781941026410 (paperback) |
| 020 ## - INTERNATIONAL STANDARD BOOK NUMBER |
| International Standard Book Number |
1941026419 (paperback) |
| 020 ## - INTERNATIONAL STANDARD BOOK NUMBER |
| International Standard Book Number |
9781941026403 (cloth) |
| 020 ## - INTERNATIONAL STANDARD BOOK NUMBER |
| International Standard Book Number |
1941026400 (cloth) |
| 035 ## - SYSTEM CONTROL NUMBER |
| System control number |
1031636 |
| 035 ## - SYSTEM CONTROL NUMBER |
| System control number |
(OCoLC)923554630 |
| 035 ## - SYSTEM CONTROL NUMBER |
| System control number |
970388 |
| 035 ## - SYSTEM CONTROL NUMBER |
| System control number |
(OCoLC)ocn923554630 |
| 035 ## - SYSTEM CONTROL NUMBER |
| System control number |
1031636 |
| 035 ## - SYSTEM CONTROL NUMBER |
| System control number |
1031636 |
| 040 ## - CATALOGING SOURCE |
| Original cataloging agency |
DLC |
| Language of cataloging |
eng |
| Description conventions |
rda |
| Transcribing agency |
DLC |
| Modifying agency |
YDXCP |
| -- |
BTCTA |
| -- |
OJ4 |
| -- |
OCLCF |
| -- |
ANK |
| -- |
ORX |
| -- |
BDX |
| -- |
OCL |
| -- |
IFA |
| 042 ## - AUTHENTICATION CODE |
| Authentication code |
lcac |
| -- |
pcc |
| 043 ## - GEOGRAPHIC AREA CODE |
| Geographic area code |
n-us-tx |
| 049 ## - LOCAL HOLDINGS (OCLC) |
| Holding library |
IFAA |
| 099 ## - LOCAL FREE-TEXT CALL NUMBER (OCLC) |
| Filing suffix |
2016 |
| 100 1# - MAIN ENTRY--PERSONAL NAME |
| Personal name |
Garza, Xavier, |
| Relator term |
author, |
| -- |
illustrator. |
| 245 10 - TITLE STATEMENT |
| Title |
Maximilian & the Lucha Libre Club : |
| Remainder of title |
a bilingual lucha libre thriller / |
| Statement of responsibility, etc. |
written and illustrated by Xavier Garza. |
| 246 3# - VARYING FORM OF TITLE |
| Title proper/short title |
Maximilian and the Lucha Libre Club |
| 250 ## - EDITION STATEMENT |
| Edition statement |
First edition. |
| 260 ## - PUBLICATION, DISTRIBUTION, ETC. (IMPRINT) |
| Place of publication, distribution, etc. |
El Paso, Texas : |
| Name of publisher, distributor, etc. |
Cinco Puntos Press, |
| Date of publication, distribution, etc. |
2016 |
| 264 #1 - PRODUCTION, PUBLICATION, DISTRIBUTION, MANUFACTURE, AND COPYRIGHT NOTICE |
| Place of production, publication, distribution, manufacture |
El Paso, Texas : |
| Name of producer, publisher, distributor, manufacturer |
Cinco Puntos Press, |
| Date of production, publication, distribution, manufacture, or copyright notice |
[2016] |
| 300 ## - PHYSICAL DESCRIPTION |
| Extent |
235 pages : |
| Other physical details |
illustrations ; |
| Dimensions |
24 cm. |
| 336 ## - CONTENT TYPE |
| Content type term |
text |
| Content type code |
txt |
| Source |
rdacontent |
| 337 ## - MEDIA TYPE |
| Media type term |
unmediated |
| Media type code |
n |
| 338 ## - CARRIER TYPE |
| Carrier type term |
volume |
| Carrier type code |
nc |
| Source |
rdacarrier |
| 490 1# - SERIES STATEMENT |
| Series statement |
Max's lucha libre adventures series ; |
| Volume/sequential designation |
3 |
| 500 ## - GENERAL NOTE |
| General note |
Sequel to: Maximilian & the bingo rematch. |
| 500 ## - GENERAL NOTE |
| General note |
"A Junior Library Guild selection"--Back cover. |
| 520 ## - SUMMARY, ETC. |
| Summary, etc. |
Max seems like any other kid until he is asked to join the Lucha Libre Club, but because of strict secrecy he cannot tell anyone of his royal wrestling blood, his uncle the king of lucha libre, The Guardian Angel. |
| 521 8# - TARGET AUDIENCE NOTE |
| Target audience note |
670 |
| Source |
Lexile. |
| 526 0# - STUDY PROGRAM INFORMATION NOTE |
| Program name |
Accelerated Reader AR |
| Interest level |
MG |
| Reading level |
3.3 |
| Title point value |
3.0 |
| Public note |
185641. |
| 650 #0 - SUBJECT ADDED ENTRY--TOPICAL TERM |
| Topical term or geographic name as entry element |
Wrestling |
| Form subdivision |
Juvenile fiction. |
| 650 #0 - SUBJECT ADDED ENTRY--TOPICAL TERM |
| Topical term or geographic name as entry element |
Mexican Americans |
| Form subdivision |
Juvenile fiction. |
| 650 #0 - SUBJECT ADDED ENTRY--TOPICAL TERM |
| Topical term or geographic name as entry element |
Families |
| Geographic subdivision |
Texas |
| Form subdivision |
Juvenile fiction. |
| 650 #7 - SUBJECT ADDED ENTRY--TOPICAL TERM |
| Topical term or geographic name as entry element |
Lucha deportiva |
| Form subdivision |
Novela juvenil. |
| Source of heading or term |
bidex |
| 650 #7 - SUBJECT ADDED ENTRY--TOPICAL TERM |
| Topical term or geographic name as entry element |
Mexicano-americanos |
| Form subdivision |
Novela juvenil. |
| Source of heading or term |
bidex |
| 650 #7 - SUBJECT ADDED ENTRY--TOPICAL TERM |
| Topical term or geographic name as entry element |
Vida familiar |
| Geographic subdivision |
Texas |
| Form subdivision |
Novela juvenl. |
| Source of heading or term |
bidex |
| 650 #0 - SUBJECT ADDED ENTRY--TOPICAL TERM |
| Topical term or geographic name as entry element |
Suspense fiction |
| Form subdivision |
Juvenile literature. |
| 776 08 - ADDITIONAL PHYSICAL FORM ENTRY |
| Relationship information |
Online version: |
| Main entry heading |
Garza, Xavier, author, illustrator. |
| Title |
Maximilian and the Lucha Libre Club |
| Edition |
First edition. |
| Place, publisher, and date of publication |
El Paso, TX : Cinco Puntos Press, [2016] |
| International Standard Book Number |
9781941026427 |
| Record control number |
(DLC) 2016031337 |
| 830 #0 - SERIES ADDED ENTRY--UNIFORM TITLE |
| Uniform title |
Max's lucha libre adventures series ; |
| Volume number/sequential designation |
3. |
| 942 ## - ADDED ENTRY ELEMENTS (KOHA) |
| Koha item type |
Libro/Book |
| Source of classification or shelving scheme |
Dewey Decimal Classification |